Chile: la izquierda y la fase militar (I parte) /

সংরক্ষণ করুন:
গ্রন্থ-পঞ্জীর বিবরন
প্রধান লেখক: Mires, Fernando
বিন্যাস: পাঠ‍্য
বিষয়গুলি:
ট্যাগগুলো: ট্যাগ যুক্ত করুন
কোনো ট্যাগ নেই, প্রথমজন হিসাবে ট্যাগ করুন!

MARC

LEADER 00000 a a2200000 04500
001 18010
003
040
100 |a Mires, Fernando  
245 |a Chile:   |b la izquierda y la fase militar (I parte) /  |c Fernando Mires  
650 |a IZQUIERDA  
650 |a IMPERIALISMO  
650 |a ECONOMIA  
650 |a CHILE  
773 |g volumen 4, número 48; (1980) páginas 559-563  
999 |c 34132  |d 34132 
773 0 |0 42391  |9 3865  |a Agencia Latinoamericana de Información, ALAI  |d Quito, Ecuador: ALAI  |o 04418  |t ALAI:  |x 08275564 (Servicio mensual de información y documentación)